| 000 | 00797cam a2200265 a 4500 | ||
|---|---|---|---|
| 001 | 18240 | ||
| 003 | BD-RjUL | ||
| 005 | 20211209000245.0 | ||
| 008 | 140220r19651944enk 000 0 eng | ||
| 035 | _a(BD-RjUL)18298 | ||
| 040 |
_aDLC _cHDC _dm.c _dOCL _dEQO _dBD-RjUL _beng |
||
| 041 | _aeng | ||
| 082 | 0 | 0 |
_a821.91 _bTHC 1965 |
| 100 | 1 |
_aThomas, Edward, _d1878-1917. _956146 |
|
| 245 | 1 | 0 |
_aCollected poems / _cby Edward Thomas ; with a foreword by Walter de la Mare |
| 250 | _aNew ed | ||
| 260 |
_aLondon : _bFaber and Faber, _c1944 [ Impression 1965]. |
||
| 300 |
_a208 p. ; _c19 cm. |
||
| 504 | _aBibliography: p. [4] | ||
| 650 | 0 |
_aPoems _956147 |
|
| 700 | 1 |
_aDe la Mare, Walter, _d1873-1956. _956148 |
|
| 830 | 0 |
_aFaber library _956155 |
|
| 942 |
_2ddc _cBK |
||
| 999 |
_c18240 _d18240 |
||